[Event "Riscle-C"]
[Site "Riscle"]
[Date "2017.08.07"]
[Round "3"]
[White "Boff, Olivier"]
[Black "Gabillard, Gilbert"]
[Result "0-1"]
[WhiteElo "1644"]
[BlackElo "1519"]
[PlyCount "136"]
[EventDate "2017.08.07"]
[EventType "tourn"]
[EventRounds "7"]
[EventCountry "FRA"]
[SourceTitle "EXT 2019"]
[Source "ChessBase"]
[SourceDate "2018.10.10"]
[SourceVersion "1"]
[SourceVersionDate "2018.10.10"]
[SourceQuality "1"]

1. e4 e6 2. d4 d5 3. Nc3 Nf6 4. e5 Nfd7 5. Bd3 c5 6. Be3 cxd4 7. Bxd4 Nc6 8. Nb5 Nxd4 9. Nxd4 Nxe5 10. Bb5+ Bd7 11. Be2 Qb6 12. Nb3 Bd6 13. Nh3 Bb5 14. 0-0 Bxe2 15. Qxe2 0-0 16. Kh1 Rae8 17. c3 Bb8 18. f4 Nd7 19. Qc2 f6 20. Rad1 Rf7 21. Nd4 Nf8 22. Rde1 Rd8 23. Re3 Bxf4 24. Nxf4 e5 25. Nf5 exf4 26. Rxf4 Ng6 27. Rd4 Qb5 28. Re1 Re8 29. Rdd1 Rxe1+ 30. Rxe1 Ne7 31. Nd6 Qa6 32. Nxf7 Kxf7 33. Qe2 Qxe2 34. Rxe2 Nc6 35. Kg1 b5 36. a3 a5 37. Kf2 Ne5 38. h3 h5 39. Ke3 Ke6 40. Kd4 Kd6 41. b4 a4 42. Re1 Nc4 43. Re8 Nxa3 44. Rd8+ Kc6 45. Ra8 Nc4 46. Kd3 Kd6 47. g4 hxg4 48. hxg4 Ne5+ 49. Kc2 Nxg4 50. Ra6+ Ke5 51. Rb6 Ne3+ 52. Kd3 Nc4 53. Rxb5 a3 54. Rb8 g5 55. Re8+ Kd6 56. Rf8 Ke5 57. b5 Nb6 58. Re8+ Kd6 59. Rf8 Ke7 60. Rh8 Kd6 61. Rh6 Ke5 62. Kc2 g4 63. Rg6 Kf5 64. Rg7 Kf4 65. Kb3 Nc4 66. Ra7 g3 67. Rxa3 g2 68. Ra1 Nd2+ 0-1